[Event "Treviso TWE op-B 30th"]
[Site "Treviso"]
[Date "2006.12.10"]
[Round "5.12"]
[White "Basset, Sergio"]
[Black "Fausone, Vincenzo"]
[Result "1-0"]
[WhiteElo "1619"]
[BlackElo "1413"]
[PlyCount "117"]
[EventDate "2006.12.08"]
[EventType "swiss"]
[EventRounds "5"]
[EventCountry "ITA"]
[SourceTitle "EXT 2024"]
[Source "ChessBase"]
[SourceDate "2023.10.10"]
[SourceVersion "1"]
[SourceVersionDate "2023.10.10"]
[SourceQuality "1"]

1. d4 Nf6 2. c4 d5 3. cxd5 Nxd5 4. Nf3 Nc6 5. e4 Nf6 6. Nc3 e6 7. Be2 Be7 8. 0-0 0-0 9. h3 a6 10. Be3 b5 11. a3 Bb7 12. Qc2 h6 13. Rfd1 Qc8 14. Rac1 Nd8 15. b4 c6 16. Nd2 Qc7 17. Nb3 Bc8 18. Nc5 Nb7 19. Bf3 Nxc5 20. dxc5 Bb7 21. Rd2 Rad8 22. Rcd1 Rxd2 23. Rxd2 Rd8 24. Qd1 Kh7 25. Rxd8 Bxd8 26. Qd4 Be7 27. e5 Nd5 28. Nxd5 cxd5 29. Bf4 Bc6 30. Bd1 Qd7 31. Bc2+ g6 32. Be3 Qe8 33. Qf4 Bg5 34. Qg3 Bxe3 35. Qxe3 Qe7 36. Qf4 Kg7 37. h4 h5 38. g3 Qa7 39. Qf6+ Kg8 40. Qd8+ Kg7 41. f4 Qd7 42. Qxd7 Bxd7 43. Kf2 Bc6 44. Ke3 Kf8 45. Kd4 Ke7 46. Bd1 Kd7 47. g4 hxg4 48. Bxg4 Ke7 49. h5 gxh5 50. Bxh5 f6 51. Ke3 fxe5 52. fxe5 Kf8 53. Kf4 Kg7 54. Kg5 d4 55. Kf4 Bd5 56. Bf3 Kf7 57. c6 Ke7 58. Bxd5 exd5 59. Kf3 1-0

[Event "Treviso TWE op-B 30th"]
[Site "Treviso"]
[Date "2006.12.08"]
[Round "1.16"]
[White "Fausone, Vincenzo"]
[Black "Caruso, Gaetano"]
[Result "1-0"]
[WhiteElo "1413"]
[BlackElo "1580"]
[PlyCount "65"]
[EventDate "2006.12.08"]
[EventType "swiss"]
[EventRounds "5"]
[EventCountry "ITA"]
[SourceTitle "EXT 2024"]
[Source "ChessBase"]
[SourceDate "2023.10.10"]
[SourceVersion "1"]
[SourceVersionDate "2023.10.10"]
[SourceQuality "1"]

1. e4 c5 2. Nf3 d6 3. d4 cxd4 4. Nxd4 Nf6 5. Nc3 a6 6. Be3 b5 7. Bd3 e5 8. Nf5 Be6 9. a3 Nbd7 10. 0-0 Rc8 11. Rc1 Bxf5 12. exf5 Be7 13. f4 0-0 14. fxe5 Nxe5 15. Bf4 Nfg4 16. Qe2 Qb6+ 17. Kh1 Rc5 18. h3 Nf6 19. Be3 Rfc8 20. b4 Nxd3 21. cxd3 Qc7 22. bxc5 d5 23. d4 Re8 24. Bf4 Qc6 25. Be5 Bf8 26. Qf3 a5 27. Rb1 Rb8 28. Bxb8 Qb7 29. Rxb5 Qd7 30. Bd6 Ne4 31. Nxe4 dxe4 32. Qxe4 Qxb5 33. Rb1 1-0